Länder Europas ohne "eigene" Sprache - Statistiken

Allgemein
  • Dieses Quiz wurde 232 mal gespielt
  • Das Durchschnittsergebnis liegt bei 8 aus 9
Antwortstatistiken
Im Land gesprochene Sprache(n) Land % Korrekt
🇳🇱, 🇩🇪, 🇫🇷 Belgien🇧🇪
97%
🇩🇪 Österreich🇦🇹
96%
🇮🇹 San Marino🇸🇲
92%
🇪🇸, 🧭 Andorra🇦🇩
88%
🇬🇷, 🇹🇷 Zypern🇨🇾
85%
🇩🇪 Liechtenstein🇱🇮
81%
🇦🇱, 🇷🇸 Kosovo🇽🇰
75%
🇷🇴 Moldawien🇲🇩
75%
🧭 Vatikanstadt🇻🇦
75%
Keine übereinstimmenden Quizze gefunden
Verteilung der Resultate
Anzahl Personen mit jedem Resultat
Perzentil nach korrekt beantworteten Fragen
Ihre Resultats-Entwicklung
Sie haben dieses Quiz noch nicht gespielt